000 00644nam a2200193Ia 4500
005 20250508165518.0
008 008 250505s9999 xx 000 0 hin d
037 _aDissertations
040 _aFEDL
_beng
_cFEDL
041 _ahin
_2eng
084 _a371.911, SHA/DI
_qFEDL
100 _aSharma Rakshanand
_9781053
245 0 _aSamajik vigyan mein samaveshi shiksha ke tahat sreshtibadhit vidyarthiyon ke vishesh sandrabh mein kaksha- kaksh prakriyaon ka adhyayan
260 _c2015
300 _a76p.
546 _aM.Ed. Dissertation, (Delhi University)
942 _cDIS
_h371.911, SHA/DI
999 _c1395570
_d1395570